Objective biology for NEET (National Eligibility Cum Entrance Test) and other medical entrance examinations / (Record no. 166093)

MARC details
000 -LEADER
fixed length control field 01086nam a22002417a 4500
005 - DATE AND TIME OF LATEST TRANSACTION
control field 20190802103556.0
010 ## - LCCN (DPL NO)
LC control number B-728304
020 ## - INTERNATIONAL STANDARD BOOK NUMBER
International Standard Book Number 9789353062255(v.2)
Terms of availability 350.00
035 ## - SYSTEM CONTROL NUMBER
System control number B-728304
037 ## - SOURCE OF ACQUISITION
Source of stock number/acquisition Aksharesh Enterprises
082 ## - DEWEY DECIMAL CLASSIFICATION NUMBER
Classification number 570
100 ## - MAIN ENTRY--PERSONAL NAME
Personal name Rajiv Vijay
245 ## - TITLE STATEMENT
Title Objective biology for NEET (National Eligibility Cum Entrance Test) and other medical entrance examinations /
Statement of responsibility, etc by Rajiv Vijay ; edited by Nandini Basu [and] Vipin Kumar
250 ## - EDITION STATEMENT
Edition statement 3rd ed
260 ## - PUBLICATION, DISTRIBUTION, ETC. (IMPRINT)
Place of publication, distribution, etc Noida (U.P.)
Name of publisher, distributor, etc Pearson
Date of publication, distribution, etc 2019
270 ## - ADDRESS
Address 15th Floor, Tower-B, World Trade Tower, Plot No.1, Block-C, Sector 16
City Noida, U.P.
Postal code 201301
300 ## - PHYSICAL DESCRIPTION
Extent various pagings:
Other physical details ill.
Dimensions 24cm(pbk)
505 ## - FORMATTED CONTENTS NOTE
Formatted contents note v.2- Reproduction, Genetics and Evolution, Biology in Human Welfare, Biotechnology, Ecology.
700 ## - ADDED ENTRY--PERSONAL NAME
Personal name Basu, Nandini
700 ## - ADDED ENTRY--PERSONAL NAME
Personal name Vipin Kumar
942 ## - ADDED ENTRY ELEMENTS (KOHA)
Source of classification or shelving scheme Dewey Decimal Classification
Item type English Books
Classification part 570
Call number suffix RAJ
Holdings
Withdrawn status Lost status Materials specified (bound volume or other part) Not for loan Collection code Home library Current library Date acquired Source of acquisition Cost, normal purchase price Full call number Barcode Copy number Cost, replacement price Koha item type
    Vol. 2   Non-fiction Patel Nagar Patel Nagar 12/07/2019 Aksharesh Enterprises/0016/06-05-19/04/23-04-19/08-05-19 350.00 570 RAJ B-728304 1 350.00 English Books

© Delhi Public Library
Hit Counter
free hit counter